The Latin Culture of Eustache Deschamps (notice n° 1639433)

détails MARC
000 -LEADER
fixed length control field 01493cam a2200217 4500500
005 - DATE AND TIME OF LATEST TRANSACTION
control field 20260201045950.0
041 ## - LANGUAGE CODE
Language code of text/sound track or separate title fre
042 ## - AUTHENTICATION CODE
Authentication code dc
100 10 - MAIN ENTRY--PERSONAL NAME
Personal name Roccati, Giovanni Matteo
Relator term author
245 00 - TITLE STATEMENT
Title The Latin Culture of Eustache Deschamps
260 ## - PUBLICATION, DISTRIBUTION, ETC.
Date of publication, distribution, etc. 2005.<br/>
500 ## - GENERAL NOTE
General note 84
520 ## - SUMMARY, ETC.
Summary, etc. G. M. Roccati, The Latin Culture of Eustache Deschamps. Deschamps's work testifies of a Latin side to his culture that has often been neglected because of the volume of his production in French. The present article will review his translations ( Lai de Fragilit? Humaine, Geta), his original works in Latin, whether in prose (a play on the schism) or in verse (a dozen pieces, two of which are of some length), and consider the status of these texts and their versification techniques. It will show that Deschamps had perfect control of the language (though he ignored quantitative prosody) and that there is no particular relationship between content and the use of Latin: Latin is used in texts about the Church or the national past, as well as in his playful pieces. He used Latin as a vehicular language, did not ponder its use, and thus remained outside the humanist trend.
690 ## - LOCAL SUBJECT ADDED ENTRY--TOPICAL TERM (OCLC, RLIN)
Topical term or geographic name as entry element bilingualism
690 ## - LOCAL SUBJECT ADDED ENTRY--TOPICAL TERM (OCLC, RLIN)
Topical term or geographic name as entry element Deschamps
690 ## - LOCAL SUBJECT ADDED ENTRY--TOPICAL TERM (OCLC, RLIN)
Topical term or geographic name as entry element French
690 ## - LOCAL SUBJECT ADDED ENTRY--TOPICAL TERM (OCLC, RLIN)
Topical term or geographic name as entry element Latin
690 ## - LOCAL SUBJECT ADDED ENTRY--TOPICAL TERM (OCLC, RLIN)
Topical term or geographic name as entry element translation
786 0# - DATA SOURCE ENTRY
Note Le Moyen Age | Volume CXI | 2 | 2005-09-01 | p. 259-274 | 0027-2841
856 41 - ELECTRONIC LOCATION AND ACCESS
Uniform Resource Identifier <a href="https://shs.cairn.info/journal-le-moyen-age-2005-2-page-259?lang=en&redirect-ssocas=7080">https://shs.cairn.info/journal-le-moyen-age-2005-2-page-259?lang=en&redirect-ssocas=7080</a>

Pas d'exemplaire disponible.

PLUDOC

PLUDOC est la plateforme unique et centralisée de gestion des bibliothèques physiques et numériques de Guinée administré par le CEDUST. Elle est la plus grande base de données de ressources documentaires pour les Étudiants, Enseignants chercheurs et Chercheurs de Guinée.

Adresse

627 919 101/664 919 101

25 boulevard du commerce
Kaloum, Conakry, Guinée

Réseaux sociaux

Powered by Netsen Group @ 2025